Developing Resilience In Disruptive Times (Record no. 41435)

MARC details
000 -LEADER
fixed length control field 00373nam a2200133Ia 4500
008 - FIXED-LENGTH DATA ELEMENTS--GENERAL INFORMATION
fixed length control field 240719s9999 xx 000 0 und d
041 ## - LANGUAGE CODE
Language code of text/sound track or separate title eng
082 ## - DEWEY DECIMAL CLASSIFICATION NUMBER
Classification number 658.3 DEY
100 ## - MAIN ENTRY--PERSONAL NAME
Personal name Dey, K. Ajoy
245 ## - TITLE STATEMENT
Title Developing Resilience In Disruptive Times
260 ## - PUBLICATION, DISTRIBUTION, ETC.
Place of publication, distribution, etc. New Delhi
Name of publisher, distributor, etc. BLOOMSBURY PUBLISHING INDIA
Date of publication, distribution, etc. 2021
300 ## - PHYSICAL DESCRIPTION
Extent 374.; P. 24 Cm
520 ## - SUMMARY, ETC.
Summary, etc. Gifted By : IMT Faculty
Holdings
Withdrawn status Lost status Damaged status Not for loan Home library Current library Shelving location Date acquired Total Checkouts Full call number Barcode Date last seen Date last checked out Price effective from Koha item type
        IMTN IMTN Rack 24-B 07/08/2023 1 658.3 DEY 33130 11/25/2024 11/25/2024 07/19/2024 Books
Designed & Maintained by: LRC IMT Nagpur Contact: lrc@imtnag.ac.in© 2024. All Rights Reserved.